J. R. R. Tolkien Book: Any Word A-Z Quiz Stats

 Plays Quiz Updated Jan 15, 2018

Challenge
Share
Tweet
Embed
Score 0/23 Timer 04:00
1 Play Today
Letter Answer % Correct
TTowers ...
95.9%
RRing ...
93.3%
OOr ...
89.7%
HHobbit ...
87.7%
KKing ...
80.8%
FFarmer ...
80.7%
LLeaf ...
76.3%
AAgain ...
63.9%
SSilmarillion ...
58.3%
BBombadil ...
54.4%
#1 ...
29.2%
GGiles ...
24.4%
Letter Answer % Correct
CChristmas ...
20.9%
MMajor ...
20.3%
EEver ...
20.2%
UUnfinished
16.2%
J*JRR ...
13.8%
NNiggle ...
13.4%
WWootton ...
13%
PPearl ...
7.8%
DDevil's ...
6.7%
IItroun ...
5.2%
VVerses ...
3.6%

You're not logged in!

Compare scores with friends on all Sporcle quizzes.
Join for Free
OR
Log In

You Might Also Like...

Show Comments

Extras

Top Quizzes Today


Score Distribution

Your Account Isn't Verified!

In order to create a playlist on Sporcle, you need to verify the email address you used during registration. Go to your Sporcle Settings to finish the process.

Report this User

Report this user for behavior that violates our Community Guidelines.

Details: